Statistics for Capitals of Countries Bordering India

Click here to take the quiz!

General Stats

  • This quiz has been taken 148 times
  • The average score is 5 of 6

Answer Stats

CountryCapital% Correct
PakistanIslamabad
98%
ChinaBeijing
96%
NepalKathmandu
96%
BangladeshDhaka
95%
BhutanThimphu
84%
MyanmarNaypyidaw
71%

Score Distribution

Percentile by Number Answered

Percent of People with Each Score

Your Score History

You have not taken this quiz